Statistics for Ruin a Movie with One Letter

Click here to take the quiz!

General Stats

  • This quiz has been taken 19 times
  • The average score is 5 of 13

Answer Stats

YearLetterDescriptionTitle% Correct
1994RA southern cranky young man travels the world and witnesses important historical moments.Forrest Grump
81%
1977TSpace rebels must find a treatment for small skin growths caused by viral infections.Star Warts
81%
1990RThe Simpsons patriarch tries to figure out why his family has disappeared right before Christmas.Homer Alone
69%
1994RAn orange juice manufacturer tries to optimize the flow of product by filtering solids out.Pulp Friction
50%
1998HAn army barber during WWII must deal with a soldier's stubborn stubble.Shaving Private Ryan
50%
2007CPerpetually chilly men are unable to find a place to call home.No Country for Cold Men
38%
1999SA convict is extremely proud of his emeralds-encrusted teeth.The Green Smile
38%
1952TA group of railroad workers delight passengers with their musical act.Singin' in the Train
31%
1988NPlans to enjoy a Christmas all-you-can-eat buffet are ruined by a group of German tourists.Dine Hard
25%
1981PCompeting urban landscapers battle over a long forgotten garden.Raiders of the Lost Park
25%
2017AA kid explores long lost family recipes and convinces his family to reverse their ban on hot chocolate.Cocoa
19%
1999RBored white collar workers get together to scare people, until things escalate.Fright Club
13%
2006RAn East German officer gets involved in the stealing and smuggling of ingredients for pâté.The Livers of Others
13%

Score Distribution

Percentile by Number Answered

Percent of People with Each Score

Your Score History

You have not taken this quiz